000 00791nam a2200193 4500
001 109039
003 ES-MaACL
005 20230906184749.0
007 t|
008 061121s1912 sp r ||||1| spa d
100 1 _aMoya y Jiménez, Francisco Javier de.
_983981
245 1 0 _aDiscursos leidos ante la Real Academia Hispano-Americana en la recepción pública del Sr. d. Francisco J. de Moya y Jiménez el día 9 de mayo de 1912 /
_c[contestación de Agustín García Gutierrez].
260 _aCádiz :
_b[s.n.],
_c1912 (
_fImp. M. Alvarez)
300 _a41 p. ;
_c21 cm.
500 _aTema: Exégesis de la nacionalidad hispano americana.
700 0 _aGarcía Gutiérrez, Agustín.
_954742
710 0 _aReal Academia Hispanoamericana (Cádiz)
_96343
852 _aES-MaACL
_jT-1328-F-7
999 _c109039
_d109039